000 01154nam a22002537a 4500
005 20100807114138.0
010 _aHIN-90043
020 _c595.00
_a9788178795720
035 _aHN-62389
037 _bDBAD / PUB
082 _a796.01
100 _aदूबे, एल.एन.
_98327
245 _aखेल मनोविज्ञान /
_cएल.एन. दूबे
246 _aKhel Manovigyan
_bby L.N. Dubey
260 _aनई दिल्ली
_bस्पोर्टस पब्लिकेशन्स
_c2010
270 _a7/26, ग्राउण्ड फ्लोर, अंसारी रोड़, दरियागंज
_bनई दिल्ली
_k011-65749511, 9868028838
_mlakshaythani@hotmail.com
_e110002
_l011-23240261
300 _a323पृ
_c22सेमी (सजिल्द)
500 _aपरिशिष्ट
700 _97228
700 _97267
700 _97698
942 _adpl
_cHN
_k
_2ddc
_mदुबेए
_h796.01
999 _c39996
_d39996